Women's quest for power: (Record no. 3632)

MARC details
000 -LEADER
fixed length control field 00651nam a22002177a 4500
003 - CONTROL NUMBER IDENTIFIER
control field LK-CoMWRAF
005 - DATE AND TIME OF LATEST TRANSACTION
control field 20231027123033.0
008 - FIXED-LENGTH DATA ELEMENTS--GENERAL INFORMATION
fixed length control field 230923b1980 |||||||| |||| 00| 0 eng d
020 ## - INTERNATIONAL STANDARD BOOK NUMBER
International Standard Book Number 0706910214
040 ## - CATALOGING SOURCE
Original cataloging agency LK-CoMWRAF
Modifying agency LK-CoMWRAF
Description conventions LK-CoMWRAF
041 ## - LANGUAGE CODE
Language code of text/sound track or separate title English
082 ## - DEWEY DECIMAL CLASSIFICATION NUMBER
Classification number 305.4
Item number JAI
942 ## - ADDED ENTRY ELEMENTS (KOHA)
Koha item type Books
100 ## - MAIN ENTRY--PERSONAL NAME
Personal name Jain, Devaki
700 ## - ADDED ENTRY--PERSONAL NAME
Personal name Singh, Nalini.
700 ## - ADDED ENTRY--PERSONAL NAME
Personal name Chand, Malini.
245 ## - TITLE STATEMENT
Title Women's quest for power:
Remainder of title five Indian case studies
260 ## - PUBLICATION, DISTRIBUTION, ETC. (IMPRINT)
Place of publication, distribution, etc. Sahibabad:
Name of publisher, distributor, etc. Vikas,
Date of publication, distribution, etc. 1980
300 ## - PHYSICAL DESCRIPTION
Extent vi, 272 p., [1] leaf of plates : ill. ; 23 cm.
Other physical details Bibliography included
650 ## - SUBJECT ADDED ENTRY--TOPICAL TERM
Topical term or geographic name as entry element Women--India--Social conditions--Case studies.
Holdings
Withdrawn status Lost status Damaged status Not for loan Permanent Location Current Location Date acquired Full call number Barcode Koha item type
        Resource center, Muslim Women's Research And Action Forum Resource center, Muslim Women's Research And Action Forum 2023-09-23 305.4 JAI RAF775 Books

Copyright © 2023 Muslim Women's Research and Action Forum (MWRAF), No 27/3, Anderson Road, Kalubowila, Dehiwela. Funded by The Asia Fundation